| 000 | 01487nam a22002417a 4500 | ||
|---|---|---|---|
| 005 | 20260224133102.0 | ||
| 008 | 260224b |||||||| |||| 00| 0 eng d | ||
| 020 | _a8177143123 (Set) (hbk) | ||
| 037 | _cREF | ||
| 040 |
_aCRL _cCRL |
||
| 041 |
_2hin _ahin |
||
| 084 | _aO152,2M50x Q0;R2.1-.6 (RR) | ||
| 245 | _aभारतेन्दु हरिशचन्द्र ग्रंथावली | ||
| 250 | _aसंस्करण 2 | ||
| 260 |
_aनयी दिल्ली, भारत: _bप्रकाशन संस्थान, _c2022. |
||
| 300 | _aखण्ड 1 (1-363पृ.), खण्ड 2 (1-451पृ.), खण्ड 3 (1-392पृ.), खण्ड 4 (1-451पृ.), खण्ड 5 (1-607पृ.), खण्ड 6 (1-484पृ.) | ||
| 365 |
_b6500.00 _cINR. |
||
| 650 | _aहिन्दी साहित्य | ||
| 650 | _aहिन्दी नाटक | ||
| 700 |
_aसिंह, ओमप्रकाश _eसम्पादक |
||
| 942 |
_2CC _cTB _eसंस्करण 2 _hO152,2M50x Q0;R2.1-.6 (RR) _n0 |
||
| 999 |
_c1680128 _d1680128 |
||